La France occupée (1914-1918) (notice n° 2198095)

détails MARC
000 -LEADER
fixed length control field 01610cam a2200133 4500500
005 - DATE AND TIME OF LATEST TRANSACTION
control field 20260405085512.0
041 ## - LANGUAGE CODE
Language code of text/sound track or separate title fre
042 ## - AUTHENTICATION CODE
Authentication code dc
100 10 - MAIN ENTRY--PERSONAL NAME
Personal name Nivet, Philippe
Relator term author
245 00 - TITLE STATEMENT
Title La France occupée (1914-1918)
260 ## - PUBLICATION, DISTRIBUTION, ETC.
Name of publisher, distributor, etc. Armand Colin,<br/>
Date of publication, distribution, etc. 2014.<br/>
520 ## - SUMMARY, ETC.
Summary, etc. Pendant la Première Guerre mondiale, dix départements français, de l’Est et du Nord, ont été totalement ou partiellement occupés. Deux millions de Français environ ont vécu sous la domination allemande.Fondé sur de multiples sources d’archives publiques et privées, cet ouvrage est l’une des premières synthèses sur cette occupation, longtemps occultée dans l’historiographie par l’écran de la Seconde Guerre mondiale. Il met en valeur la germanisation administrative, culturelle et économique du territoire envahi. Il montre ce que fut la vie de ces civils, privés de liberté, soumis au travail forcé, victimes des pénuries alimentaires et subissant les conséquences des opérations militaires. Il s’interroge sur l’attitude qu’ils adoptent vis-à-vis des Allemands: résistance, rapprochement ou collaboration&amp;#8239;? Enfin, il accorde une large part à la sortie de l’occupation en montrant comment se met alors en place, parallèlement à la reconstruction matérielle, une reconstruction morale, avec les hommages rendus aux résistants et la mise en cause, y compris judiciaire, de ceux qui ont été proches des occupants. Des documents accompagnent l’étude.
856 41 - ELECTRONIC LOCATION AND ACCESS
Uniform Resource Identifier <a href="https://shs.cairn.info/la-france-occupee-1914-1918--9782200289607?lang=fr&redirect-ssocas=7080">https://shs.cairn.info/la-france-occupee-1914-1918--9782200289607?lang=fr&redirect-ssocas=7080</a>

Pas d'exemplaire disponible.

PLUDOC

PLUDOC est la plateforme unique et centralisée de gestion des bibliothèques physiques et numériques de Guinée administré par le CEDUST. Elle est la plus grande base de données de ressources documentaires pour les Étudiants, Enseignants chercheurs et Chercheurs de Guinée.

Adresse

627 919 101/664 919 101

25 boulevard du commerce
Kaloum, Conakry, Guinée

Réseaux sociaux

Powered by Netsen Group @ 2025